000 00721nam a22002417a 4500
001 75733
003 UA-OsUOA
005 20220409192012.0
007 ta
008 20110530b un ||||| |||| 00| 0 ukr d
020 _a9789664230572
040 _aUA-OsUOA
_brus
_cUA-OsUOA
_dUA-OsUOA
041 _arus
080 _a82.09(470+571)
090 _a82.09(470+571)
_bН94
100 _aНямцу А. Е.
245 _aРусская литература в контексте мировых традиций
_bучеб. пособие
260 _aЧерновцы
_bЧНУ
_c2009
300 _a424 с.
650 7 _a82 Література. Літературознавство
_2UDC
942 _cBK
_2udc
955 _a2
999 _c362030
_d362030